Several efficient two-step estimators for the dynamic simultaneous equations model with autoregressive disturbances (Registro nro. 26062)

Detalles MARC
000 -LEADER
fixed length control field 00403 a2200109 4500
001 - CONTROL NUMBER
control field ART_12066
005 - DATE AND TIME OF LATEST TRANSACTION
control field 20260410161903.0
008 - FIXED-LENGTH DATA ELEMENTS--GENERAL INFORMATION
fixed length control field 260409a
100 1# - MAIN ENTRY--PERSONAL NAME
Personal name Hatanaka, Michio
245 10 - TITLE STATEMENT
Title Several efficient two-step estimators for the dynamic simultaneous equations model with autoregressive disturbances
773 0# - HOST ITEM ENTRY
Title Journal of econometrics
Related parts - Vol. 4, Nº 2 (may. 1976)
Record control number REV11720

No hay ítems disponibles.